000 02519nkm0a2200421 4500
001 RU\NLR\BIBL_A\022657071
005 20260407133549.0
035 _a(NLR Aleph) 022657071
090 _a13497957
_c13497957
100 _a20251029d1914 u y0rusy50 ca
101 0 _arus
102 _aRU
116 _aiiycxx bizz ad
135 _acrcn 024anaba
181 0 _ab4
_bxb2e
182 0 _an
200 1 _aКороль, закон и свобода
_eинсценировка пьесы Леонида Андреева
_eфабрики акц. о-ва А. Ханжонков и К°
_e[плакат]
203 _aИзображение
_bнеподвижное
_bдвухмерное
_bвизуальное
_cнепосредственное
210 _aМосква
_cТипо-литография Русского товарищества печатного и издательского дела
_d1914
215 _a1 л.
_cцв. литограф., механ. печ.
_d71х106,9
300 _aНа л. справа фабр. марка акц. о-ва А. Ханжонков и К° (Пегас)
325 _aКопия доступна в Электрон. б-ке РНБ
606 1 _aКиноплакат русский
_z1914 - 1919
_92405409
_3RU\NLR\AUTH\6601653010
686 1 _aЩ153(2Р=Рус)53-465
711 0 2 _4570
_a"Ханжонков, А. и К°", акционерное общество
_cМосква
_3RU\NLR\AUTH\889997903
_9493076
712 0 2 _4610
_aРусское товарищество печатного и издательского дела
_bТиполитография
_cМосква
_9864928
_3RU\NLR\AUTH\880599998
830 _aДатировка по: Вишневский В. Художественные фильмы дореволюционной России (Фильмографическое описание). - М., Госкиноиздат, 1945. - № 465
852 0 0 _aNLR
_bЭ
_jАфИс900-I/К683
_mЭаф1403
856 0 _uhttps://vivaldi.nlr.ru/la000070893/view
856 1 _uhttps://vivaldi.nlr.ru/la000070893/cover
856 2 _uhttps://vivaldi.nlr.ru/la000070893/text
901 _eИзографические материалы
942 _cVISUAL
980 _aNB
981 1 7 _a(17) Изографические материалы
_b(17) Плакаты